000 00722cam a2200181 4500
001 WS104682
008 000000n 000 0 eng u
035 _a(Sirsi) u104682
110 _aChartered Institute of Building
_92134
245 _aChartered Institute of Building
520 _aGood organisational web site including details of membership and education. Includes links to other construction institutions and pages on the Egan report including a discussion group.
650 _aCONSTRUCTION INDUSTRY
650 _aORGANISATION
650 _aFACILITIES MANAGEMENT
_96240
690 _aBUILT ENVIRONMENT
856 4 0 _uhttps://www.ciob.org.uk/
_zView the website free of charge at www.ciob.org.uk/...
942 _n0
999 _c119435
_d119435